| 000 | 00432nam a22001577a 4500 | ||
|---|---|---|---|
| 005 | 20260304131744.0 | ||
| 008 | 260304b |||||||| |||| 00| 0 eng d | ||
| 020 | _a9780367469931 | ||
| 050 |
_aR852 _bW43 |
||
| 100 | _aWebb, Geoffrey | ||
| 245 | _aError and Fraud | ||
| 260 |
_aAbingdon _bCRC Press Taylor and Francis group _c2021 |
||
| 300 |
_axxvi, 211p. _bill |
||
| 650 | _aMedicine- Research and moral ethics aspect | ||
| 942 | _cBK | ||
| 999 |
_c4582 _d4582 |
||